| 000 | 00543nam a22001817a 4500 | ||
|---|---|---|---|
| 003 | CEME | ||
| 005 | 20210628204059.0 | ||
| 008 | 210111b xxu||||| |||| 00| 0 eng d | ||
| 020 | _a9788131786819 | ||
| 040 | _cceme | ||
| 082 | _a004.695 CIO | ||
| 100 |
_aCioara, Jeremy , Valentine, Michael _968626 |
||
| 245 | _aCcna voice 640-461 , official cert guide learn prepare and practice for exam success | ||
| 260 |
_aINDIA _bPEARSON EDUCATION _c2013 |
||
| 300 | _aXXVII, 498P | ||
| 650 |
_aCCNA VOICE 640-461.CISCO. _968627 |
||
| 942 |
_cBK _2ddc |
||
| 999 |
_c576152 _d576152 |
||